• 首页
  • 本馆介绍
  • 公告通知
  • 最新文献
  • 馆藏检索
  • 电子资源
  • 读者导购
  • 参考咨询
  • 我的图书馆
  • 登录
  • 详细信息显示
  • 放入我的书架
  • 预约/预借图书
  • 作者相关作品
  • 分类相关作品
  • 丛书相关作品
  • 出版社相关作品

书目信息

  • 表格格式
  • 工作单格式
  • 卡片格式
题名:
果树林木嫁接技术手册
    
 
作者: 高新一 , 王玉英 编著
分册:  
出版信息: 北京   金盾出版社  2014.01
页数: 516页,4页图版
开本: 21cm
丛书名:
单 册:
中图分类: S660.4-62 , S723.2-62
科图分类:
主题词: 果树--嫁接--手册 , 苗木--嫁接--手册 , 果树 , 嫁接 , 苗木
电子资源:
ISBN: 978-7-5082-8868-0
000 01088nam0 2200325 450
001 0120141262059
005 20140611151750.37
010    @a978-7-5082-8868-0@dCNY32.00
100    @a20140513d2014 em y0chiy0110 ea
101 0  @achi
102    @aCN@b110000
105    @aafk z 000yy
106    @ar
200 1  @a果树林木嫁接技术手册@9guo shu lin mu jia jie ji shu shou ce@f高新一,王玉英编著
205    @a2版
210    @a北京@c金盾出版社@d2014.01
215    @a516页,4页图版@c图@d21cm
330    @a本书主要内容包括:嫁接的意义及嫁接技术的发展,植物嫁接成活的原理,嫁接砧木的作用及选择,接穗的采集、贮藏和蜡封,嫁接的时期及准备工作等。
333    @a本书可供广大果农和园林工作者学习使用,也可供林果技术人员、林果专业的教学和研究人员阅读参考
606 0  @a果树@x嫁接@j手册
606 0  @a苗木@x嫁接@j手册
606 0  @a果树
606 0  @a嫁接
606 0  @a苗木
690    @aS660.4-62@v5
690    @aS723.2-62@v5
701  0 @a高新一@9gao xin yi@4编著
701  0 @a王玉英@9wang yu ying@4编著
801  0 @aCN@b人天书店@c20140513
905    @b548605-07@dS660.4-62@e300@f3
    
    果树林木嫁接技术手册/高新一,王玉英编著.-2版.-北京:金盾出版社,2014.01
    516页,4页图版:图;21cm
    使用对象:本书可供广大果农和园林工作者学习使用,也可供林果技术人员、林果专业的教学和研究人员阅读参考
    
    ISBN 978-7-5082-8868-0:CNY32.00
    本书主要内容包括:嫁接的意义及嫁接技术的发展,植物嫁接成活的原理,嫁接砧木的作用及选择,接穗的采集、贮藏和蜡封,嫁接的时期及准备工作等。
●
相关链接 在E读中查询图书 在五车中查询图书 在当当中查询图书 在豆瓣中查询图书


正题名:果树林木嫁接技术手册     索取号:S660.4-62/300         预约/预借

序号 登录号 条形码 馆藏地/架位号 状态 备注
1 548605   205486053   第二样本阅览室/ [索取号:S660.4-62/300] 在馆    
2 548606   205486062   第三借阅区/ [索取号:S660.4-62/300] 在馆    
3 548607   205486071   密集书库-生命科学系/ [索取号:S660.4-62/300] 在馆    
唐山师范学院图书馆 欢迎您!
大连网信软件有限公司© 版权所有